Economía del comercio y desarrollo

Gespeichert in:
Bibliographische Detailangaben
1. Verfasser: Theberge, James D (VerfasserIn)
Format: Buch
Sprache:Spanisch
Veröffentlicht: Buenos Aires Amorrortu 1968
Schriftenreihe:Biblioteca de Economía
Schlagworte:
Tags: Tag hinzufügen
Keine Tags, Fügen Sie den ersten Tag hinzu!

MARC

LEADER 00000nam a2200000 a 4500
001 UCR8505
003 CL-VaPUC
008 980529e19680000AG |||||||||||||||||spa|d
082 0 4 |a 337  |b THE  |2 21 
100 0 |a Theberge, James D  |e author  |9 410362 
245 1 0 |a Economía del comercio y desarrollo 
300 |a 626 p 
942 |c BK 
945 |d 19980529 00:00:00  |a cmena 
260 |a Buenos Aires  |b Amorrortu  |c 1968 
650 7 |a ECNOMIA INTERNACIONAL  |2 CL-VaPUC  |9 410363 
650 0 |a Desarrollo económico  |9 259599 
650 7 |a COMERCIO INTERNACIONAL  |2 CL-VaPUC  |9 410364 
650 0 |a Bienestar social   |9 255298 
583 |a last modification  |c 19980529 00:00:00  |k Rodrigo Vera 
490 0 |a Biblioteca de Economía 
999 |c 269909  |d 269907 
952 |0 0  |1 0  |4 0  |6 337_000000000000000_THE_1968  |7 0  |8 A  |9 303965  |a BIBENE  |b BIBENE  |d 2019-11-20  |i 1407481  |o 337 THE 1968  |p 1407481  |r 2025-01-15  |w 2019-11-20  |y BK  |k ICO